<?xml version="1.0" encoding="UTF-8"?>
<record
    xmlns:xsi="http://www.w3.org/2001/XMLSchema-instance"
    xsi:schemaLocation="http://www.loc.gov/MARC21/slim http://www.loc.gov/standards/marcxml/schema/MARC21slim.xsd"
    xmlns="http://www.loc.gov/MARC21/slim">

  <leader>00362nam a2200145Ia 4500</leader>
  <controlfield tag="008">150301s2012    xx            000 0 und d</controlfield>
  <datafield tag="082" ind1=" " ind2=" ">
    <subfield code="a">611</subfield>
    <subfield code="b">B14C</subfield>
  </datafield>
  <datafield tag="100" ind1=" " ind2=" ">
    <subfield code="a">CHAURASIA ,B.D</subfield>
  </datafield>
  <datafield tag="245" ind1=" " ind2=" ">
    <subfield code="a">B.D.CHAURASIA'S HUMAN ANATOMY</subfield>
  </datafield>
  <datafield tag="250" ind1=" " ind2=" ">
    <subfield code="a">6TH</subfield>
  </datafield>
  <datafield tag="260" ind1=" " ind2=" ">
    <subfield code="b">CBS PUBLISHERS &amp; DISTRIBUTORS</subfield>
    <subfield code="a">DELHI</subfield>
    <subfield code="c">2012</subfield>
  </datafield>
  <datafield tag="300" ind1=" " ind2=" ">
    <subfield code="a">1-311</subfield>
  </datafield>
  <datafield tag="650" ind1=" " ind2=" ">
    <subfield code="a">ANATOMY</subfield>
  </datafield>
  <datafield tag="942" ind1=" " ind2=" ">
    <subfield code="2">ddc</subfield>
    <subfield code="c">BK</subfield>
    <subfield code="0">53</subfield>
  </datafield>
  <datafield tag="952" ind1=" " ind2=" ">
    <subfield code="0">0</subfield>
    <subfield code="1">0</subfield>
    <subfield code="2">ddc</subfield>
    <subfield code="4">0</subfield>
    <subfield code="7">0</subfield>
    <subfield code="a">FD</subfield>
    <subfield code="b">FD</subfield>
    <subfield code="d">2015-07-02</subfield>
    <subfield code="e">ABC-DELHI</subfield>
    <subfield code="g">449.00</subfield>
    <subfield code="h">1</subfield>
    <subfield code="i">SGTU</subfield>
    <subfield code="l">6</subfield>
    <subfield code="o">611 B14C</subfield>
    <subfield code="p">FD7276</subfield>
    <subfield code="r">2022-12-26 00:00:00</subfield>
    <subfield code="s">2022-12-26</subfield>
    <subfield code="w">2015-06-05</subfield>
    <subfield code="y">BK</subfield>
    <subfield code="k">5698</subfield>
  </datafield>
  <datafield tag="952" ind1=" " ind2=" ">
    <subfield code="0">0</subfield>
    <subfield code="1">0</subfield>
    <subfield code="2">ddc</subfield>
    <subfield code="4">0</subfield>
    <subfield code="7">0</subfield>
    <subfield code="a">FD</subfield>
    <subfield code="b">FD</subfield>
    <subfield code="d">2015-07-02</subfield>
    <subfield code="e">ABC-DELHI</subfield>
    <subfield code="g">449.00</subfield>
    <subfield code="h">1</subfield>
    <subfield code="i">SGTU</subfield>
    <subfield code="l">6</subfield>
    <subfield code="o">611 B14C</subfield>
    <subfield code="p">FD7277</subfield>
    <subfield code="r">2024-03-07 00:00:00</subfield>
    <subfield code="s">2024-03-07</subfield>
    <subfield code="w">2015-06-05</subfield>
    <subfield code="y">BK</subfield>
    <subfield code="k">5698</subfield>
  </datafield>
  <datafield tag="952" ind1=" " ind2=" ">
    <subfield code="0">0</subfield>
    <subfield code="1">0</subfield>
    <subfield code="2">ddc</subfield>
    <subfield code="4">0</subfield>
    <subfield code="7">0</subfield>
    <subfield code="a">FD</subfield>
    <subfield code="b">FD</subfield>
    <subfield code="d">2015-07-02</subfield>
    <subfield code="e">ABC-DELHI</subfield>
    <subfield code="g">449.00</subfield>
    <subfield code="h">1</subfield>
    <subfield code="i">SGTU</subfield>
    <subfield code="l">2</subfield>
    <subfield code="o">611 B14C</subfield>
    <subfield code="p">FD7278</subfield>
    <subfield code="r">2023-04-20 00:00:00</subfield>
    <subfield code="s">2023-04-11</subfield>
    <subfield code="w">2015-06-05</subfield>
    <subfield code="y">BK</subfield>
    <subfield code="k">5698</subfield>
  </datafield>
  <datafield tag="952" ind1=" " ind2=" ">
    <subfield code="0">0</subfield>
    <subfield code="1">0</subfield>
    <subfield code="2">ddc</subfield>
    <subfield code="4">0</subfield>
    <subfield code="7">0</subfield>
    <subfield code="a">FD</subfield>
    <subfield code="b">FD</subfield>
    <subfield code="d">2015-07-02</subfield>
    <subfield code="e">ABC-DELHI</subfield>
    <subfield code="g">549.00</subfield>
    <subfield code="h">2</subfield>
    <subfield code="i">SGTU</subfield>
    <subfield code="l">0</subfield>
    <subfield code="o">611 B14C</subfield>
    <subfield code="p">FD7279</subfield>
    <subfield code="r">2015-07-02 00:00:00</subfield>
    <subfield code="w">2015-06-05</subfield>
    <subfield code="y">BK</subfield>
    <subfield code="k">5698</subfield>
  </datafield>
  <datafield tag="952" ind1=" " ind2=" ">
    <subfield code="0">0</subfield>
    <subfield code="1">0</subfield>
    <subfield code="2">ddc</subfield>
    <subfield code="4">0</subfield>
    <subfield code="7">0</subfield>
    <subfield code="a">FD</subfield>
    <subfield code="b">FD</subfield>
    <subfield code="d">2015-07-02</subfield>
    <subfield code="e">ABC-DELHI</subfield>
    <subfield code="g">549.00</subfield>
    <subfield code="h">2</subfield>
    <subfield code="i">SGTU</subfield>
    <subfield code="l">0</subfield>
    <subfield code="o">611 B14C</subfield>
    <subfield code="p">FD7280</subfield>
    <subfield code="r">2015-07-02 00:00:00</subfield>
    <subfield code="w">2015-06-05</subfield>
    <subfield code="y">BK</subfield>
    <subfield code="k">5698</subfield>
  </datafield>
  <datafield tag="952" ind1=" " ind2=" ">
    <subfield code="0">0</subfield>
    <subfield code="1">0</subfield>
    <subfield code="2">ddc</subfield>
    <subfield code="4">0</subfield>
    <subfield code="7">0</subfield>
    <subfield code="a">FD</subfield>
    <subfield code="b">FD</subfield>
    <subfield code="d">2015-07-02</subfield>
    <subfield code="e">ABC-DELHI</subfield>
    <subfield code="g">549.00</subfield>
    <subfield code="h">2</subfield>
    <subfield code="i">SGTU</subfield>
    <subfield code="l">2</subfield>
    <subfield code="o">611 B14C</subfield>
    <subfield code="p">FD7281</subfield>
    <subfield code="r">2018-05-29 00:00:00</subfield>
    <subfield code="s">2018-04-21</subfield>
    <subfield code="w">2015-06-05</subfield>
    <subfield code="y">BK</subfield>
    <subfield code="k">5698</subfield>
  </datafield>
  <datafield tag="952" ind1=" " ind2=" ">
    <subfield code="0">0</subfield>
    <subfield code="1">0</subfield>
    <subfield code="2">ddc</subfield>
    <subfield code="4">0</subfield>
    <subfield code="7">0</subfield>
    <subfield code="a">FD</subfield>
    <subfield code="b">FD</subfield>
    <subfield code="d">2015-07-02</subfield>
    <subfield code="e">ABC-DELHI</subfield>
    <subfield code="g">549.00</subfield>
    <subfield code="h">3</subfield>
    <subfield code="i">SGTU</subfield>
    <subfield code="l">42</subfield>
    <subfield code="m">2</subfield>
    <subfield code="o">611 B14C</subfield>
    <subfield code="p">FD7282</subfield>
    <subfield code="r">2025-04-24 00:00:00</subfield>
    <subfield code="s">2025-04-24</subfield>
    <subfield code="w">2015-06-05</subfield>
    <subfield code="y">BK</subfield>
    <subfield code="k">5698</subfield>
  </datafield>
  <datafield tag="952" ind1=" " ind2=" ">
    <subfield code="0">0</subfield>
    <subfield code="1">0</subfield>
    <subfield code="2">ddc</subfield>
    <subfield code="4">0</subfield>
    <subfield code="7">0</subfield>
    <subfield code="a">FD</subfield>
    <subfield code="b">FD</subfield>
    <subfield code="d">2015-07-02</subfield>
    <subfield code="e">ABC-DELHI</subfield>
    <subfield code="g">549.00</subfield>
    <subfield code="h">3</subfield>
    <subfield code="i">SGTU</subfield>
    <subfield code="l">26</subfield>
    <subfield code="o">611 B14C</subfield>
    <subfield code="p">FD7283</subfield>
    <subfield code="r">2024-05-31 00:00:00</subfield>
    <subfield code="s">2024-05-31</subfield>
    <subfield code="w">2015-06-05</subfield>
    <subfield code="y">BK</subfield>
    <subfield code="k">5698</subfield>
  </datafield>
  <datafield tag="952" ind1=" " ind2=" ">
    <subfield code="0">0</subfield>
    <subfield code="1">0</subfield>
    <subfield code="2">ddc</subfield>
    <subfield code="4">0</subfield>
    <subfield code="7">0</subfield>
    <subfield code="a">FD</subfield>
    <subfield code="b">FD</subfield>
    <subfield code="d">2015-07-02</subfield>
    <subfield code="e">ABC-DELHI</subfield>
    <subfield code="g">549.00</subfield>
    <subfield code="h">3</subfield>
    <subfield code="i">SGTU</subfield>
    <subfield code="l">23</subfield>
    <subfield code="o">611 B14C</subfield>
    <subfield code="p">FD7284</subfield>
    <subfield code="r">2026-04-03 00:00:00</subfield>
    <subfield code="s">2026-04-03</subfield>
    <subfield code="w">2015-06-05</subfield>
    <subfield code="y">BK</subfield>
    <subfield code="k">5698</subfield>
  </datafield>
  <datafield tag="999" ind1=" " ind2=" ">
    <subfield code="c">6965</subfield>
    <subfield code="d">6965</subfield>
  </datafield>
</record>
